First Names that Appear in Country Names - Statistics

General Stats
  • This quiz has been taken 139 times
    110 since last reset
  • The average score is 13 of 22
Answer Stats
Hint Answer % Correct
Roman Romania
93%
Rocco Morocco
90%
Olivia Bolivia
85%
Pola Poland
84%
Wanda Rwanda
80%
Guy Guyana
74%
Erica United States of America
74%
Tina Argentina
73%
Mark Denmark
73%
Mona Monaco
70%
Bela Belarus
68%
Eden Sweden
59%
Leon Sierra Leone
58%
Gary Hungary
56%
Ben Benin
48%
Tania Mauritania
47%
Sam Samoa
38%
Elsa El Salvador
33%
Pia Ethiopia
32%
Elle Seychelles
23%
Tom Sao Tome and Principe
17%
Alan New Zealand
11%
No matching quizzes found
Score Distribution
Percent of People with Each Score
Percentile by Number Answered
Your Score History
You have not taken this quiz since the last reset